| 000 | 01571nam a22001577a 4500 | ||
|---|---|---|---|
| 041 | _aukr | ||
| 080 | _a09 | ||
| 090 | _bКОР | ||
| 100 | _aКорнійчук Ю.Р. | ||
| 245 | _aВираження негативної оцінки в політичному дискурсі (на прикладі англомовних видань) | ||
| 260 |
_aОстрог _bКАФ _c2009 |
||
| 300 | _a45 | ||
| 520 |
_aВСТУП
РОЗДІЛ 1 ПОЛІТИЧНИЙ ДИСКУРС ЯК ОБЄКТ ЛІНГВІСТИЧНИХ ДОСЛІДЖЕНЬ
1.1 Політичний дискурс.
1.2 Категорія оцінювання в політичному дискурсі.
1.3 Негативна оцінка в політичному дискурсі шляхом аналізу лексичних одиниць.
1.4 Застосування маніпулятивних стратегій у політичному дискурсі.
РОЗДІЛ 2 ВИРАЖЕННЯ ЕКСПЛІЦИТНО-ІМПЛІЦИТНОЇ НЕГАТИВНОСТІ У ПОЛІТИЧНОМУ ДИСКУРСІ
2.1 Імпліцитне вираження негативності у поданні інформації.
2.2 Експліцитне вираження негативної оцінки в політичному дискурсі.
2.3 Маніпулятивні стратегії у створенні негативного образу.
ВИСНОВКИ _0політичний дискурс, маніпулятивні стратегії |
||
| 650 | _aResearch Papers | ||
| 999 |
_c284126 _d284126 |
||
| 942 | _cBK | ||